000 00606nam a22001937a 4500
005 20251108165822.0
008 250721s9999 xx 000 0 ara d
082 1 4 _aط/214.2/علي
100 1 _aخليفة، علي السيد
_eمحرر
245 1 0 _aسيدنا موسى عليه السلام /
264 1 _aالاسكندرية :
_bالمركز العربي للنشر،
_c[19-].
300 _a38ص
490 0 _aمن قصص انبياء الله
650 1 7 _aالإسلام
650 1 7 _aأصول الدين الإسلامي
650 1 7 _aالنبوات
942 _2ddc
_cBK
999 _c32086
_d32086